[Event "Abe Yanofsky mem."]
[Site "Winnipeg CAN"]
[Date "2008.08.30"]
[Round "2"]
[White "Bince, Rolando"]
[Black "Richmond, Barrie"]
[Result "1-0"]
[WhiteElo "1911"]
[BlackElo "1940"]
[PlyCount "122"]
[GameId "2160767910328362"]
[EventDate "2008.08.29"]
[EventType "swiss"]
[EventRounds "5"]
[EventCountry "CAN"]
[SourceTitle "EXT 2011"]
[Source "ChessBase"]
[SourceDate "2011.11.26"]
[SourceVersion "1"]
[SourceVersionDate "2011.11.26"]
[SourceQuality "1"]

1. e4 e6 2. d4 d5 3. Nc3 Bb4 4. e5 b6 5. a3 Bf8 6. b4 Ne7 7. a4 Nf5 8. Rb1 h5 9. Nf3 Be7 10. Bd3 g6 11. g3 Nc6 12. Bb5 Bd7 13. Na2 a6 14. Be2 Kf8 15. h4 Kg7 16. c3 Qe8 17. Bd3 a5 18. b5 Na7 19. c4 Rb8 20. Bxf5 gxf5 21. cxd5 exd5 22. O-O c6 23. Nc3 Be6 24. Bg5 Bxg5 25. Nxg5 cxb5 26. axb5 Rc8 27. Qd2 Qd8 28. Rfc1 Qe7 29. Nxe6+ fxe6 30. Na4 Rxc1+ 31. Rxc1 Rb8 32. Qe2 Kg6 33. Kg2 Rc8 34. Rxc8 Nxc8 35. Qd2 Qd8 36. Qc1 Na7 37. Nc3 Qe7 38. Kf3 Kh7 39. Kg2 Qg7 40. Ne2 Nxb5 41. Qc6 Nc7 42. Qxb6 a4 43. Qb4 Qd7 44. Nf4 Kh6 45. Qf8+ Qg7 46. Qa3 Qd7 47. Qc1 Kh7 48. Nxh5 Ne8 49. Nf4 Ng7 50. Nh3 Qb5 51. Ng5+ Kg6 52. Qc7 Qe8 53. Qa7 f4 54. g4 f3+ 55. Nxf3 Qf8 56. Qxa4 Qf4 57. Qc2+ Kh6 58. g5+ Kh5 59. Qh7+ Kg4 60. Nh2+ Qxh2+ 61. Kxh2 Nf5 1-0

[Event "Abe Yanofsky mem."]
[Site "Winnipeg CAN"]
[Date "2008.08.30"]
[Round "2"]
[White "Cleto, Sam"]
[Black "Lipnowski, Samuel"]
[Result "0-1"]
[WhiteElo "1927"]
[BlackElo "2277"]
[PlyCount "117"]
[GameId "2160767910328363"]
[EventDate "2008.08.29"]
[EventType "swiss"]
[EventRounds "5"]
[EventCountry "CAN"]
[SourceTitle "EXT 2011"]
[Source "ChessBase"]
[SourceDate "2011.11.26"]
[SourceVersion "1"]
[SourceVersionDate "2011.11.26"]
[SourceQuality "1"]

1. Nf3 g6 2. d4 Bg7 3. Bf4 c5 4. e3 Nf6 5. h3 O-O 6. Be2 Qb6 7. Qc1 Nc6 8. c3 d6 9. Nbd2 cxd4 10. exd4 Re8 11. O-O e5 12. dxe5 dxe5 13. Nc4 Qc7 14. Bh2 Nd5 15. Re1 Nf4 16. Bf1 Bh6 17. Qd1 Rd8 18. Qa4 f6 19. Rad1 Be6 20. Ne3 Rxd1 21. Rxd1 Rd8 22. Ng4 Rxd1 23. Qxd1 Bg7 24. b3 f5 25. Ne3 Bh6 26. Bxf4 Bxf4 27. Nd5 Qd8 28. c4 Bh6 29. Be2 Bg7 30. Qd2 h6 31. Qe1 e4 32. Nh2 Be5 33. Nf1 Nd4 34. Nfe3 h5 35. Bf1 Kh7 36. Qb4 b6 37. Qa4 Bb8 38. Qb4 Qd6 39. g3 Qe5 40. Qa3 Nf3+ 41. Kh1 Kg7 42. Nf4 Bf7 43. Qc1 h4 44. Ned5 hxg3 45. fxg3 g5 46. Ne2 Bxd5 47. cxd5 Qxd5 48. Qc8 Qe5 49. Qd7+ Kh6 50. Qf7 Bd6 51. b4 Be7 52. Kg2 Qf6 53. Qe8 Bxb4 54. h4 Bd6 55. h5 Ne5 56. Nd4 f4 57. Kh1 fxg3 58. Bh3 g4 59. Bg2 0-1

[Event "Abe Yanofsky mem."]
[Site "Winnipeg CAN"]
[Date "2008.08.30"]
[Round "2"]
[White "Goodman, Clifford"]
[Black "Willis, Bradley"]
[Result "0-1"]
[WhiteElo "1636"]
[BlackElo "2063"]
[PlyCount "48"]
[GameId "2160767910328364"]
[EventDate "2008.08.29"]
[EventType "swiss"]
[EventRounds "5"]
[EventCountry "CAN"]
[SourceTitle "EXT 2011"]
[Source "ChessBase"]
[SourceDate "2011.11.26"]
[SourceVersion "1"]
[SourceVersionDate "2011.11.26"]
[SourceQuality "1"]

1. c4 f5 2. Nc3 Nf6 3. d4 e6 4. g3 d5 5. cxd5 exd5 6. Bg2 c6 7. Nh3 Be7 8. f3 O-O 9. Nf2 Qe8 10. O-O Qh5 11. e4 fxe4 12. fxe4 Qxd1 13. Rxd1 dxe4 14. Nfxe4 Bg4 15. Re1 Nbd7 16. Bg5 Rae8 17. Nxf6+ Nxf6 18. d5 Bc5+ 19. Kh1 Nxd5 20. Nxd5 cxd5 21. Bxd5+ Kh8 22. Bxb7 Rb8 23. Be7 Bxe7 24. Rxe7 Rxb7 0-1

[Event "Abe Yanofsky mem."]
[Site "Winnipeg CAN"]
[Date "2008.08.30"]
[Round "2"]
[White "Klokow, John"]
[Black "Khedkar, Jay S"]
[Result "0-1"]
[WhiteElo "1764"]
[BlackElo "1914"]
[PlyCount "118"]
[GameId "2160767910328365"]
[EventDate "2008.08.29"]
[EventType "swiss"]
[EventRounds "5"]
[EventCountry "CAN"]
[SourceTitle "EXT 2011"]
[Source "ChessBase"]
[SourceDate "2011.11.26"]
[SourceVersion "1"]
[SourceVersionDate "2011.11.26"]
[SourceQuality "1"]

1. e4 e6 2. Qe2 c5 3. g3 Nc6 4. c3 Nf6 5. Bg2 d6 6. f4 Qc7 7. Nf3 Be7 8. O-O e5 9. d3 O-O 10. f5 b5 11. Bg5 Bb7 12. Nbd2 Rad8 13. Rac1 Ng4 14. f6 Bxf6 15. Bxf6 Nxf6 16. Nh4 Ne7 17. Rf2 Qd7 18. Nf5 d5 19. Bh3 Nxf5 20. Bxf5 Qd6 21. Nf3 g6 22. Nh4 gxf5 23. Nxf5 Qe6 24. Rcf1 Ne8 25. Qd2 Kh8 26. Qg5 f6 27. Qh6 Rg8 28. Nh4 dxe4 29. Rxf6 Nxf6 30. Rxf6 Qg4 31. Rf7 Rg7 32. Rxb7 Qg5 33. Qxg5 Rxg5 34. dxe4 Rd1+ 35. Kg2 Rd2+ 36. Kh3 Rxb2 37. Rxa7 Rg7 38. Ra8+ Rg8 39. Ra7 Rb8 40. Nf5 Rd2 41. Nh6 Rd3 42. Nf7+ Kg8 43. Nh6+ Kf8 44. Rxh7 Rb6 45. Ng4 Rxc3 46. Nxe5 Ra6 47. Rf7+ Kg8 48. Rf2 b4 49. Kg4 c4 50. Nd7 b3 51. axb3 cxb3 52. e5 Rc2 53. Rf8+ Kg7 54. Rb8 b2 55. Kf5 Rf2+ 56. Ke4 Ra1 57. Ke3 Rxh2 58. e6 b1=Q 59. Rxb1 Rxb1 0-1

[Event "Abe Yanofsky mem."]
[Site "Winnipeg CAN"]
[Date "2008.08.30"]
[Round "2"]
[White "Lauritson, Jim"]
[Black "Rutter, Blair"]
[Result "1-0"]
[WhiteElo "1950"]
[BlackElo "1881"]
[PlyCount "105"]
[GameId "2160767910328366"]
[EventDate "2008.08.29"]
[EventType "swiss"]
[EventRounds "5"]
[EventCountry "CAN"]
[SourceTitle "EXT 2011"]
[Source "ChessBase"]
[SourceDate "2011.11.26"]
[SourceVersion "1"]
[SourceVersionDate "2011.11.26"]
[SourceQuality "1"]

1. d4 d5 2. c4 c6 3. Nf3 Nf6 4. Nc3 Bg4 5. Ne5 Bf5 6. e3 e6 7. Be2 Bd6 8. f4 O-O 9. O-O h6 10. b3 Nbd7 11. Bb2 Rc8 12. c5 Bxe5 13. fxe5 Ne4 14. Nxe4 Bxe4 15. Bf3 Qg5 16. Qe2 f5 17. Rf2 Rf7 18. Bxe4 fxe4 19. Rxf7 Kxf7 20. Rf1+ Kg8 21. Rf4 Nf8 22. h4 Qe7 23. Qg4 Kh7 24. h5 Kg8 25. Rf6 Kh7 26. Rf1 Qg5 27. Qxg5 hxg5 28. Rf7 Rb8 29. Bc3 Kh6 30. g4 g6 31. Rf6 Kg7 32. hxg6 Kh6 33. Ba5 b6 34. Bb4 a5 35. Ba3 b5 36. Bc1 Rc8 37. Bd2 a4 38. bxa4 bxa4 39. a3 Ra8 40. Bb4 Kg7 41. Rf7+ Kxg6 42. Rc7 Ra6 43. Rb7 Ra8 44. Rb6 Rc8 45. Ra6 Kf7 46. Rxa4 Ke7 47. Ra7+ Nd7 48. Ba5 Ke8 49. Bb6 Rb8 50. Ra6 Rb7 51. a4 Nb8 52. Ra8 Kd7 53. a5 1-0

[Event "Abe Yanofsky mem."]
[Site "Winnipeg CAN"]
[Date "2008.08.30"]
[Round "2"]
[White "Liu, Weixi"]
[Black "Kaptsan, Aron"]
[Result "1-0"]
[WhiteElo "1942"]
[BlackElo "2046"]
[PlyCount "53"]
[GameId "2160767910328367"]
[EventDate "2008.08.29"]
[EventType "swiss"]
[EventRounds "5"]
[EventCountry "CAN"]
[SourceTitle "EXT 2011"]
[Source "ChessBase"]
[SourceDate "2011.11.26"]
[SourceVersion "1"]
[SourceVersionDate "2011.11.26"]
[SourceQuality "1"]

1. d4 Nf6 2. c4 e6 3. Nf3 c5 4. e3 d5 5. Nc3 Nc6 6. a3 a6 7. dxc5 Bxc5 8. b4 Be7 9. c5 O-O 10. Be2 b6 11. cxb6 Qxb6 12. O-O Bb7 13. Bb2 Rac8 14. Rc1 Rfd8 15. Na4 Qa7 16. Nc5 Nd7 17. Nxb7 Qxb7 18. Qa4 Ncb8 19. h3 Nb6 20. Qb3 Rxc1 21. Rxc1 Rc8 22. Rxc8+ Qxc8 23. Nd2 Bd6 24. e4 Qc6 25. exd5 Nxd5 26. Nc4 Be7 27. Qg3 1-0

[Event "Abe Yanofsky mem."]
[Site "Winnipeg CAN"]
[Date "2008.08.30"]
[Round "2"]
[White "Melamedoff, Gustavo"]
[Black "Vincent, Trevor"]
[Result "0-1"]
[WhiteElo "2042"]
[BlackElo "2214"]
[PlyCount "42"]
[GameId "2160767910328368"]
[EventDate "2008.08.29"]
[EventType "swiss"]
[EventRounds "5"]
[EventCountry "CAN"]
[SourceTitle "EXT 2011"]
[Source "ChessBase"]
[SourceDate "2011.11.26"]
[SourceVersion "1"]
[SourceVersionDate "2011.11.26"]
[SourceQuality "1"]

1. Nf3 c5 2. g3 g6 3. Bg2 Bg7 4. O-O Nc6 5. c4 e5 6. Nc3 Nge7 7. d3 O-O 8. Rb1 d6 9. a3 a5 10. Nd2 Rb8 11. Nd5 b5 12. cxb5 Rxb5 13. Qa4 Nd4 14. Nc3 Rb8 15. e3 Bd7 16. Qd1 Ndc6 17. Nd5 Nxd5 18. Bxd5 Ne7 19. Bg2 d5 20. e4 Bb5 21. Nb3 Ba4 0-1

[Event "Abe Yanofsky mem."]
[Site "Winnipeg CAN"]
[Date "2008.08.30"]
[Round "2"]
[White "Nikouline, Alexandre"]
[Black "Oberton, Daniel"]
[Result "1/2-1/2"]
[WhiteElo "2138"]
[BlackElo "1946"]
[PlyCount "108"]
[GameId "2160767910328369"]
[EventDate "2008.08.29"]
[EventType "swiss"]
[EventRounds "5"]
[EventCountry "CAN"]
[SourceTitle "EXT 2011"]
[Source "ChessBase"]
[SourceDate "2011.11.26"]
[SourceVersion "1"]
[SourceVersionDate "2011.11.26"]
[SourceQuality "1"]

1. e4 c5 2. Nf3 d6 3. d4 cxd4 4. Nxd4 Nf6 5. Nc3 g6 6. Be3 Bg7 7. f3 Nc6 8. Qd2 O-O 9. Bc4 Bd7 10. O-O-O Qa5 11. Kb1 Rfc8 12. Bb3 Ne5 13. h4 Nc4 14. Bxc4 Rxc4 15. Bg5 Be6 16. Nxe6 fxe6 17. Bxf6 Bxf6 18. Nd5 Qxd2 19. Nxf6+ exf6 20. Rxd2 Rd8 21. Rhd1 Rc6 22. c4 Kf7 23. b3 Ke7 24. h5 g5 25. g4 Rdc8 26. Kb2 b6 27. Rd3 Rd8 28. Ka3 Kd7 29. b4 Kc7 30. Kb3 Rd7 31. Rd4 Rd8 32. R1d3 Rd7 33. Rc3 Rd8 34. Kc2 Rd7 35. Kd3 Rd8 36. Ke3 Rd7 37. Rd2 e5 38. Rd5 a6 39. Kd3 Kb7 40. Ra3 Rc8 41. Rc3 Rc6 42. a4 h6 43. a5 Kc7 44. b5 Rc5 45. bxa6 Rxa5 46. Rxa5 bxa5 47. Rb3 Kc6 48. Rb5 a4 49. Rb8 Ra7 50. Rh8 Rxa6 51. Kc2 Rb6 52. Rxh6 a3 53. Rh8 Kb7 54. Rh7+ Kb8 1/2-1/2

[Event "Abe Yanofsky mem."]
[Site "Winnipeg CAN"]
[Date "2008.08.30"]
[Round "2"]
[White "Schulz, Waldemar"]
[Black "Greenberg, Harley"]
[Result "1-0"]
[WhiteElo "2054"]
[BlackElo "1730"]
[PlyCount "113"]
[GameId "2160767910328370"]
[EventDate "2008.08.29"]
[EventType "swiss"]
[EventRounds "5"]
[EventCountry "CAN"]
[SourceTitle "EXT 2011"]
[Source "ChessBase"]
[SourceDate "2011.11.26"]
[SourceVersion "1"]
[SourceVersionDate "2011.11.26"]
[SourceQuality "1"]

1. Nf3 Nf6 2. g3 g6 3. Bg2 Bg7 4. O-O O-O 5. c4 c5 6. Nc3 d6 7. d4 Na6 8. b3 cxd4 9. Nxd4 Qa5 10. Ncb5 Nc7 11. Bd2 Qb6 12. Nxc7 Qxc7 13. Nb5 Qc5 14. Bc3 a6 15. Bd4 Qh5 16. Nc7 Rb8 17. Nd5 Nxd5 18. Bxd5 Bh3 19. Bf3 Qg5 20. Bxg7 Kxg7 21. Re1 Bd7 22. Qd4+ Kg8 23. Red1 Rfc8 24. Qa7 Bc6 25. Bxc6 bxc6 26. Qxa6 Qe5 27. c5 Qxc5 28. Rdc1 Qb5 29. Qxb5 cxb5 30. Kf1 Kg7 31. Ke1 Kf6 32. Kd2 Ke5 33. Rc3 b4 34. Re3+ Kf6 35. a4 bxa3 36. Rxa3 Rc7 37. Rc3 Rc5 38. Ra7 Rxc3 39. Kxc3 Rc8+ 40. Kb2 Rb8 41. Ka3 Rc8 42. Kb2 Rb8 43. Rc7 d5 44. Rc6+ Ke5 45. Kc3 e6 46. Rc7 Kf6 47. b4 e5 48. Kb3 Rb6 49. Rc2 Kf5 50. Ka4 Rb7 51. b5 d4 52. f3 e4 53. fxe4+ Kxe4 54. Ka5 Rb8 55. b6 Ra8+ 56. Kb5 Ra3 57. Rb2 1-0

[Event "Abe Yanofsky mem."]
[Site "Winnipeg CAN"]
[Date "2008.08.30"]
[Round "2"]
[White "Thompson, Brian"]
[Black "Babb, Jeff"]
[Result "0-1"]
[WhiteElo "1873"]
[BlackElo "2122"]
[PlyCount "88"]
[GameId "2160767910328371"]
[EventDate "2008.08.29"]
[EventType "swiss"]
[EventRounds "5"]
[EventCountry "CAN"]
[SourceTitle "EXT 2011"]
[Source "ChessBase"]
[SourceDate "2011.11.26"]
[SourceVersion "1"]
[SourceVersionDate "2011.11.26"]
[SourceQuality "1"]

1. e4 e5 2. Nf3 Nc6 3. d4 exd4 4. Bc4 Bb4+ 5. c3 dxc3 6. bxc3 Ba5 7. O-O d6 8. Ng5 Nh6 9. f4 Bb6+ 10. Kh1 Qe7 11. Ba3 Bg4 12. Bxf7+ Kf8 13. Qd5 Nxf7 14. e5 Rd8 15. Nd2 Bc5 16. exd6 Bxd6 17. Rae1 Qd7 18. Bxd6+ cxd6 19. h3 Bf5 20. g4 h6 21. Nxf7 Qxf7 22. Qxf5 Qxf5 23. gxf5 Ne7 24. f6 gxf6 25. Re6 Kf7 26. Rfe1 Nf5 27. Nc4 d5 28. Na5 Ng3+ 29. Kh2 Ne4 30. f5 Rde8 31. Nxb7 Rxe6 32. fxe6+ Kxe6 33. Nc5+ Ke5 34. Nd3+ Kf5 35. Rf1+ Ke6 36. Nf4+ Kd6 37. Rd1 Nxc3 38. Rd3 Rc8 39. Re3 Ne4 40. Ra3 Rc2+ 41. Kg1 Rc7 42. Ra5 Nc3 43. Ra6+ Ke5 44. Nh5 Ne4 0-1

[Event "Abe Yanofsky mem."]
[Site "Winnipeg CAN"]
[Date "2008.08.30"]
[Round "3"]
[White "Babb, Jeff"]
[Black "Liu, Weixi"]
[Result "0-1"]
[WhiteElo "2122"]
[BlackElo "1942"]
[PlyCount "134"]
[GameId "2160767910328372"]
[EventDate "2008.08.29"]
[EventType "swiss"]
[EventRounds "5"]
[EventCountry "CAN"]
[SourceTitle "EXT 2011"]
[Source "ChessBase"]
[SourceDate "2011.11.26"]
[SourceVersion "1"]
[SourceVersionDate "2011.11.26"]
[SourceQuality "1"]

1. Nf3 d5 2. b3 Nf6 3. e3 c6 4. Bb2 Bg4 5. h3 Bh5 6. g4 Bg6 7. d3 h6 8. Ne5 Bh7 9. h4 Nbd7 10. f4 Qb6 11. Qe2 Nxe5 12. fxe5 Nd7 13. Nd2 e6 14. Bg2 Be7 15. O-O-O O-O-O 16. Nf3 Bc5 17. Rde1 Rdf8 18. Bh3 Rhg8 19. Kb1 Kb8 20. Qh2 Ka8 21. Rhf1 a5 22. Qd2 Kb8 23. Re2 Kc7 24. Nd4 Kb8 25. Nf3 Ka8 26. a3 Ka7 27. Ka2 Ra8 28. Nh2 Rgf8 29. Rf4 Qd8 30. Qe1 Be7 31. Qf1 Bg8 32. h5 Qc7 33. Nf3 b6 34. Qa1 Kb7 35. Rf2 Bc5 36. Nd4 b5 37. e4 Qb6 38. exd5 cxd5 39. Re2 Rac8 40. Rf1 Rc7 41. Nf3 Rfc8 42. Bd4 Nb8 43. Qb2 Nc6 44. Bxc5 Qxc5 45. Kb1 Qb6 46. Bg2 Ka7 47. Rd1 Bh7 48. Rdd2 Qc5 49. Bf1 Qb6 50. Re1 Nd8 51. Qd4 Rc5 52. b4 Rc3 53. bxa5 Qxd4 54. Nxd4 Ka6 55. Nb3 Nb7 56. Kb2 Nxa5 57. Nd4 Nb7 58. Ra1 Ka5 59. Be2 Nd8 60. Bd1 R3c7 61. Rf2 Kb6 62. Nb3 Nc6 63. a4 bxa4 64. Rxa4 Nxe5 65. Rb4+ Kc6 66. Be2 Kd6 67. Rb6+ Ke7 0-1

[Event "Abe Yanofsky mem."]
[Site "Winnipeg CAN"]
[Date "2008.08.30"]
[Round "3"]
[White "Boron, Anthony"]
[Black "Bince, Rolando"]
[Result "1/2-1/2"]
[WhiteElo "1992"]
[BlackElo "1911"]
[PlyCount "94"]
[GameId "2160767910328373"]
[EventDate "2008.08.29"]
[EventType "swiss"]
[EventRounds "5"]
[EventCountry "CAN"]
[SourceTitle "EXT 2011"]
[Source "ChessBase"]
[SourceDate "2011.11.26"]
[SourceVersion "1"]
[SourceVersionDate "2011.11.26"]
[SourceQuality "1"]

1. e4 e6 2. d4 d5 3. Bd3 dxe4 4. Bxe4 Nf6 5. Bf3 c5 6. Ne2 cxd4 7. Nxd4 Bc5 8. Nb3 Qxd1+ 9. Bxd1 Bb6 10. Bf4 Nc6 11. Nc3 O-O 12. O-O e5 13. Bg5 Be6 14. Bxf6 gxf6 15. Ne4 Kg7 16. c3 Rfd8 17. Bh5 Bxb3 18. axb3 f5 19. Ng3 Kf6 20. Rfd1 Rxd1+ 21. Rxd1 Rd8 22. Kf1 Kg5 23. Rxd8 Nxd8 24. Be2 Bc7 25. h4+ Kf6 26. Nh5+ Kg6 27. Ng3 Ne6 28. Bc4 Ng7 29. Bd5 b6 30. b4 h5 31. Ne2 Bd8 32. g3 Ne8 33. Nc1 Nf6 34. Bc6 Bc7 35. Bb5 Ne4 36. Bd3 Nd6 37. Ne2 b5 38. b3 f6 39. c4 Nc8 40. Nc3 a6 41. cxb5 axb5 42. Nxb5 Bb8 43. Nc3 Nb6 44. Bc4 Bd6 45. Nd5 Nxd5 46. Bxd5 Bxb4 47. Ke2 Bc3 1/2-1/2

[Event "Abe Yanofsky mem."]
[Site "Winnipeg CAN"]
[Date "2008.08.30"]
[Round "3"]
[White "Green, Jim"]
[Black "Lauritson, Jim"]
[Result "1/2-1/2"]
[WhiteElo "1702"]
[BlackElo "1950"]
[PlyCount "83"]
[GameId "2160767910328374"]
[EventDate "2008.08.29"]
[EventType "swiss"]
[EventRounds "5"]
[EventCountry "CAN"]
[SourceTitle "EXT 2011"]
[Source "ChessBase"]
[SourceDate "2011.11.26"]
[SourceVersion "1"]
[SourceVersionDate "2011.11.26"]
[SourceQuality "1"]

1. e4 c5 2. Nf3 e6 3. c3 Nf6 4. d3 Nc6 5. Nbd2 d6 6. g3 Be7 7. Bg2 O-O 8. O-O Qc7 9. Re1 Rb8 10. Nf1 b5 11. h4 b4 12. Ne3 bxc3 13. bxc3 Ba6 14. Bf1 Qa5 15. Qc2 Rb7 16. Bd2 Rfb8 17. Reb1 Nd7 18. Rxb7 Rxb7 19. Rb1 Rb6 20. Rxb6 axb6 21. Kg2 Nde5 22. Nxe5 Nxe5 23. f4 Nc6 24. Kh2 g6 25. Bh3 Bf6 26. Ng4 Bg7 27. f5 exf5 28. exf5 Ne5 29. Nxe5 Bxe5 30. fxg6 hxg6 31. h5 Qb5 32. hxg6 Qxd3 33. gxf7+ Kxf7 34. Qxd3 Bxd3 35. Bd7 d5 36. a4 Ke7 37. Bc6 Kd6 38. Be8 Bf5 39. Bh5 d4 40. cxd4 Bxd4 41. Be2 Be4 42. a5 1/2-1/2

[Event "Abe Yanofsky mem."]
[Site "Winnipeg CAN"]
[Date "2008.08.30"]
[Round "3"]
[White "Greenberg, Harley"]
[Black "Araullo, Paolo"]
[Result "0-1"]
[WhiteElo "1730"]
[BlackElo "1920"]
[PlyCount "58"]
[GameId "2160767910328375"]
[EventDate "2008.08.29"]
[EventType "swiss"]
[EventRounds "5"]
[EventCountry "CAN"]
[SourceTitle "EXT 2011"]
[Source "ChessBase"]
[SourceDate "2011.11.26"]
[SourceVersion "1"]
[SourceVersionDate "2011.11.26"]
[SourceQuality "1"]

1. d4 d5 2. Nf3 Bf5 3. c4 e6 4. Qb3 b6 5. g3 Nf6 6. Bg2 Bd6 7. Nc3 c6 8. O-O O-O 9. Nh4 Bg4 10. f3 Bh5 11. e4 dxe4 12. fxe4 e5 13. d5 Bc5+ 14. Kh1 Ng4 15. Nd1 Na6 16. h3 Nf6 17. Bg5 Be7 18. Bxf6 Bxf6 19. g4 Bxg4 20. hxg4 Bxh4 21. Ne3 Qg5 22. Qc3 Bg3 23. Bh3 g6 24. Nf5 gxf5 25. Qxg3 f4 26. Qh2 f6 27. b4 Nc7 28. a3 cxd5 29. cxd5 Rfd8 0-1

[Event "Abe Yanofsky mem."]
[Site "Winnipeg CAN"]
[Date "2008.08.30"]
[Round "3"]
[White "Hogeveen Rutter, Alexander"]
[Black "Klokow, John"]
[Result "1/2-1/2"]
[WhiteElo "1870"]
[BlackElo "1764"]
[PlyCount "96"]
[GameId "2160767910328376"]
[EventDate "2008.08.29"]
[EventType "swiss"]
[EventRounds "5"]
[EventCountry "CAN"]
[SourceTitle "EXT 2011"]
[Source "ChessBase"]
[SourceDate "2011.11.26"]
[SourceVersion "1"]
[SourceVersionDate "2011.11.26"]
[SourceQuality "1"]

1. e4 e5 2. Nf3 Nc6 3. Bb5 Nf6 4. O-O Nxe4 5. Re1 Nd6 6. Bxc6 dxc6 7. Nxe5 Be7 8. d4 O-O 9. c3 Be6 10. Bf4 Nf5 11. Nd2 c5 12. Nb3 cxd4 13. Nxd4 Nxd4 14. Qxd4 Qxd4 15. cxd4 Bb4 16. Red1 Rad8 17. Be3 Bd5 18. Nd3 Bd6 19. a4 h6 20. b4 f5 21. Nf4 Bxb4 22. a5 g5 23. Ng6 Rf6 24. Rdb1 Rxg6 25. Rxb4 f4 26. Bd2 a6 27. Re1 Kf7 28. f3 Re6 29. Kf2 Bc6 30. g3 Rxe1 31. Bxe1 fxg3+ 32. hxg3 Rd5 33. Rc4 Ke6 34. Bd2 Rf5 35. f4 Kd5 36. Rc5+ Ke4 37. Re5+ Rxe5 38. dxe5 g4 39. Bb4 Bd7 40. Be7 Kd4 41. Bd8 c5 42. Ke2 c4 43. Kd2 c3+ 44. Kc2 Bf5+ 45. Kc1 Ke3 46. Kd1 Kf3 47. Bh4 Ke3 48. Bd8 Kd4 1/2-1/2

[Event "Abe Yanofsky mem."]
[Site "Winnipeg CAN"]
[Date "2008.08.30"]
[Round "3"]
[White "Kaptsan, Aron"]
[Black "Cleto, Sam"]
[Result "1-0"]
[WhiteElo "2046"]
[BlackElo "1927"]
[PlyCount "47"]
[GameId "2160767910328377"]
[EventDate "2008.08.29"]
[EventType "swiss"]
[EventRounds "5"]
[EventCountry "CAN"]
[SourceTitle "EXT 2011"]
[Source "ChessBase"]
[SourceDate "2011.11.26"]
[SourceVersion "1"]
[SourceVersionDate "2011.11.26"]
[SourceQuality "1"]

1. e4 c5 2. d4 cxd4 3. Nf3 d6 4. Nxd4 a6 5. Nc3 Nf6 6. Bg5 Nc6 7. Qd2 Qb6 8. Nb3 Be6 9. Bxf6 gxf6 10. Nd5 Bxd5 11. exd5 Ne5 12. Be2 h5 13. O-O Rc8 14. Kh1 Ng4 15. Bxg4 hxg4 16. c3 Bg7 17. Qf4 Rh4 18. g3 Bh6 19. Qf5 e6 20. Qxf6 Rh5 21. dxe6 Qc6+ 22. Kg1 fxe6 23. Qxe6+ Kd8 24. Qf6+ 1-0

[Event "Abe Yanofsky mem."]
[Site "Winnipeg CAN"]
[Date "2008.08.30"]
[Round "3"]
[White "Khedkar, Jay S"]
[Black "Goodman, Clifford"]
[Result "1-0"]
[WhiteElo "1914"]
[BlackElo "1636"]
[PlyCount "37"]
[GameId "2160767910328378"]
[EventDate "2008.08.29"]
[EventType "swiss"]
[EventRounds "5"]
[EventCountry "CAN"]
[SourceTitle "EXT 2011"]
[Source "ChessBase"]
[SourceDate "2011.11.26"]
[SourceVersion "1"]
[SourceVersionDate "2011.11.26"]
[SourceQuality "1"]

1. e4 c6 2. d4 d5 3. Nc3 dxe4 4. Nxe4 Bf5 5. Ng3 Bg6 6. h4 h6 7. Nf3 Nd7 8. Bd3 Bxd3 9. Qxd3 Ngf6 10. Bd2 Qc7 11. c4 e5 12. O-O-O O-O-O 13. Qc2 exd4 14. Nxd4 Bc5 15. Nge2 Ne5 16. Bf4 Qe7 17. Nf5 Qe6 18. Nxg7 Qxc4 19. Bxe5 1-0

[Event "Abe Yanofsky mem."]
[Site "Winnipeg CAN"]
[Date "2008.08.30"]
[Round "3"]
[White "Lipnowski, Samuel"]
[Black "Nikouline, Alexandre"]
[Result "1-0"]
[WhiteElo "2277"]
[BlackElo "2138"]
[PlyCount "45"]
[GameId "2160767910328379"]
[EventDate "2008.08.29"]
[EventType "swiss"]
[EventRounds "5"]
[EventCountry "CAN"]
[SourceTitle "EXT 2011"]
[Source "ChessBase"]
[SourceDate "2011.11.26"]
[SourceVersion "1"]
[SourceVersionDate "2011.11.26"]
[SourceQuality "1"]

1. e4 e5 2. Nf3 Nc6 3. Bb5 a6 4. Ba4 Nf6 5. Bxc6 dxc6 6. d3 Bg4 7. h3 Bxf3 8. Qxf3 Bc5 9. O-O Qd6 10. Nd2 O-O-O 11. Nc4 Qe6 12. Be3 Nd7 13. Bxc5 Nxc5 14. Qe3 b6 15. a4 Rd4 16. f4 f6 17. fxe5 fxe5 18. Rf5 Nxa4 19. Rxa4 b5 20. Rxa6 Kb7 21. Nxe5 Kxa6 22. Qxd4 Qa2 23. Nxc6 1-0

[Event "Abe Yanofsky mem."]
[Site "Winnipeg CAN"]
[Date "2008.08.30"]
[Round "3"]
[White "Oberton, Daniel"]
[Black "Melamedoff, Gustavo"]
[Result "1-0"]
[WhiteElo "1946"]
[BlackElo "2042"]
[PlyCount "57"]
[GameId "2160767910328380"]
[EventDate "2008.08.29"]
[EventType "swiss"]
[EventRounds "5"]
[EventCountry "CAN"]
[SourceTitle "EXT 2011"]
[Source "ChessBase"]
[SourceDate "2011.11.26"]
[SourceVersion "1"]
[SourceVersionDate "2011.11.26"]
[SourceQuality "1"]

1. e4 c6 2. d4 d5 3. exd5 cxd5 4. c4 Nf6 5. Nc3 g6 6. Nf3 Bg7 7. Bf4 O-O 8. Bd3 Nc6 9. h3 Nb4 10. Be2 dxc4 11. Bxc4 Nbd5 12. Be5 b6 13. Nxd5 Nxd5 14. Bxg7 Kxg7 15. O-O Bb7 16. Qb3 e6 17. Rac1 Qf6 18. Ne5 Rfd8 19. Rfd1 Nf4 20. Bf1 Rac8 21. Rc3 Rxc3 22. bxc3 Qg5 23. g3 f6 24. Ng4 h5 25. gxf4 Qxf4 26. Ne3 Rd5 27. Nxd5 Bxd5 28. c4 Bf3 29. Bg2 1-0

[Event "Abe Yanofsky mem."]
[Site "Winnipeg CAN"]
[Date "2008.08.30"]
[Round "3"]
[White "Rutter, Blair"]
[Black "Thompson, Brian"]
[Result "0-1"]
[WhiteElo "1881"]
[BlackElo "1873"]
[PlyCount "88"]
[GameId "2160767910328381"]
[EventDate "2008.08.29"]
[EventType "swiss"]
[EventRounds "5"]
[EventCountry "CAN"]
[SourceTitle "EXT 2011"]
[Source "ChessBase"]
[SourceDate "2011.11.26"]
[SourceVersion "1"]
[SourceVersionDate "2011.11.26"]
[SourceQuality "1"]

1. c4 e6 2. g3 Nf6 3. Bg2 d5 4. Nc3 d4 5. Ne4 Be7 6. d3 O-O 7. Bd2 Nbd7 8. b4 c6 9. Qb3 Qc7 10. Nxf6+ Nxf6 11. Nf3 e5 12. O-O Be6 13. Ng5 Bd7 14. f4 Ng4 15. fxe5 Nxe5 16. c5 h6 17. Ne4 Be6 18. Qb2 Rad8 19. h3 f5 20. Nf2 g5 21. Rae1 Ng6 22. Nh1 Bf6 23. Bf3 Be5 24. Kg2 Qf7 25. Qc2 Bxa2 26. Ra1 Bb3 27. Qb1 a6 28. Nf2 Bd5 29. Nd1 g4 30. Be4 gxh3+ 31. Kh2 f4 32. gxf4 Nxf4 33. Kh1 Bxe4+ 34. dxe4 Qg6 35. Rg1 Ng2 36. Qb3+ Kh7 37. Qxh3 Qxe4 38. Qxh6+ Kg8 39. Rxg2+ Kf7 40. Qh5+ Ke7 41. Bg5+ Kd7 42. Qh3+ Kc7 43. Bxd8+ Kxd8 44. Qg4 Rf1# 0-1